Zgadnij stan USA po skrócie literowym - Statystyki

Ogólne statystyki
  • Ten quiz został rozwiązany 45 razy
  • Średni wynik to 25 z 50
Statystyki odpowiedzi
Skrót Stan % Poprawnych
AL Alabama
82%
FL Floryda
76%
AZ Arizona
74%
IN Indiana
74%
AK Alaska
71%
ID Idaho
71%
IL Illinois
68%
TX Teksas
65%
AR Arkansas
62%
OK Oklahoma
62%
HI Hawaje
59%
IA Iowa
59%
NY Nowy Jork
59%
OH Ohio
59%
WA Waszyngton
59%
CA Kalifornia
56%
NV Nevada
56%
OR Oregon
56%
UT Utah
56%
GA Georgia
53%
KS Kansas
53%
CO Kolorado
53%
NJ New Jersey
50%
PA Pensylwania
50%
TN Tennessee
50%
WI Wisconsin
50%
WY Wyoming
50%
CT Connecticut
47%
ND Dakota Północna
47%
SD Dakota Południowa
47%
DE Delaware
47%
KY Kentucky
47%
LA Luizjana
47%
MN Minnesota
47%
VT Vermont
47%
NE Nebraska
44%
RI Rhode Island
44%
NH New Hampshire
41%
NM Nowy Meksyk
41%
NC Karolina Północna
35%
SC Karolina Południowa
35%
MI Michigan
35%
MS Missisipi
35%
ME Maine
29%
MD Maryland
29%
MA Massachusetts
26%
MO Missouri
26%
MT Montana
26%
VA Wirginia
24%
WV Wirginia Zachodnia
24%
Nie znaleziono quizów pasujących do podanych kryteriów
Rozkład punktacji
Procent ludzi z każdym wynikiem
Percentyl według liczby udzielonych odpowiedzi
Twoja historia wyników
Nie rozwiązałeś tego quizu